Thesis Open Access
Gebretsadik Teshager
<?xml version='1.0' encoding='UTF-8'?>
<record xmlns="http://www.loc.gov/MARC21/slim">
<leader>00000nam##2200000uu#4500</leader>
<controlfield tag="005">20240906142728.0</controlfield>
<controlfield tag="001">791</controlfield>
<datafield tag="856" ind1="4" ind2=" ">
<subfield code="s">1077438</subfield>
<subfield code="z">md5:6bc10f50abf47f5487041bf77daf6edc</subfield>
<subfield code="u">https://zenodo.org/record/791/files/f1038081232.pdf</subfield>
</datafield>
<datafield tag="542" ind1=" " ind2=" ">
<subfield code="l">open</subfield>
</datafield>
<datafield tag="260" ind1=" " ind2=" ">
<subfield code="c">2014-10-01</subfield>
</datafield>
<datafield tag="909" ind1="C" ind2="O">
<subfield code="p">user-aau</subfield>
<subfield code="p">user-zenodo</subfield>
<subfield code="o">oai:zenodo.org:791</subfield>
</datafield>
<datafield tag="100" ind1=" " ind2=" ">
<subfield code="a">Gebretsadik Teshager</subfield>
</datafield>
<datafield tag="245" ind1=" " ind2=" ">
<subfield code="a">Economic Valuation of Protecting Urban River Water Pollution in Addis Ababa, Ethiopia: A Choice Experiment Approach</subfield>
</datafield>
<datafield tag="980" ind1=" " ind2=" ">
<subfield code="a">user-aau</subfield>
</datafield>
<datafield tag="980" ind1=" " ind2=" ">
<subfield code="a">user-zenodo</subfield>
</datafield>
<datafield tag="540" ind1=" " ind2=" ">
<subfield code="u">http://www.opendefinition.org/licenses/cc-by</subfield>
<subfield code="a">Creative Commons Attribution</subfield>
</datafield>
<datafield tag="650" ind1="1" ind2="7">
<subfield code="a">cc-by</subfield>
<subfield code="2">opendefinition.org</subfield>
</datafield>
<datafield tag="520" ind1=" " ind2=" ">
<subfield code="a"><p>The objective of the study was to analyze households&rsquo; willingness to pay for protection of river water pollution that attaches an economic value to the river. The choice experiment technique was employed by means of interviewing 315 respondents. For the protection options, five attributes; river water quality, river water volume, riparian buffer zone, recreational facilities and monetary payments were identified and developed. Attributes and socioeconomic characteristics were estimated using multinomial logit and random parameter logit models. Based on the best model fit, random parameter logit model with interactions result, respondents are willing to pay on average birr 90.34, 12.89 and 27.87 /respondent/year for additional level and birr 1.48/respondent/year for extra meter for river water quality, river water volume, recreational facilities and riparian buffer zone, respectively. Moreover, it is found that respondents are willing to pay on average birr 607.2, 753.2 and 886.2 /respondent/year for low, medium and high impact improvement scenarios. Priority should be given to the improvement of the water quality, since households attached a higher value for the attribute of river water quality</p></subfield>
</datafield>
<datafield tag="773" ind1=" " ind2=" ">
<subfield code="n">doi</subfield>
<subfield code="i">isVersionOf</subfield>
<subfield code="a">10.20372/nadre:790</subfield>
</datafield>
<datafield tag="024" ind1=" " ind2=" ">
<subfield code="a">10.20372/nadre:791</subfield>
<subfield code="2">doi</subfield>
</datafield>
<datafield tag="980" ind1=" " ind2=" ">
<subfield code="a">publication</subfield>
<subfield code="b">thesis</subfield>
</datafield>
</record>
| All versions | This version | |
|---|---|---|
| Views | 0 | 0 |
| Downloads | 0 | 0 |
| Data volume | 0 Bytes | 0 Bytes |
| Unique views | 0 | 0 |
| Unique downloads | 0 | 0 |